Statistics for MLB All-Star ShortStops since 1986

Click here to take the quiz!

General Stats

  • This quiz has been taken 99 times
    (64 since last reset)
  • The average score is 23 of 72

Answer Stats

Answer% Correct
Derek Jeter
89%
Ozzie Smith
89%
Alex Rodriguez
84%
Cal Ripken Jr.
78%
Nomar Garciaparra
70%
Carlos Correa
65%
Alexei Ramirez
59%
Hanley Ramirez
59%
Barry Larkin
54%
Francisco Lindor
54%
Javier Baez
54%
Fernando Tatis Jr.
51%
Tony Fernandez
51%
Troy Tulowitzki
51%
Xander Bogaerts
51%
Alex Gonzalez
49%
Corey Seager
49%
Tim Anderson
49%
Trea Turner
49%
Jimmy Rollins
46%
Jose Reyes
46%
Manny Machado
46%
Asdrubal Cabrera
43%
Erveth Cabrera
43%
Miguel Tejada
43%
Omar Vizquel
43%
Bo Bichette
38%
Alan Trammel
35%
Dansby Swanson
35%
Ozzie Guillen
35%
Carlos Guillen
32%
J.J. Hardy
32%
Michael Young
32%
Walt Weiss
32%
Brandon Crawford
30%
Jack Wilson
27%
Jose Hernandez
27%
Trevor Story
27%
Addison Russell
24%
Rafael Furcal
24%
Shawon Dunston
24%
Starlin Castro
24%
Alcides Escobar
22%
Didi Gregorius
22%
Elvis Andrus
22%
Jhonny Peralta
22%
David Eckstein
19%
Felipe Lopez
19%
Jay Bell
19%
Gleyber Torres
16%
Ian Desmond
16%
Jean Segura
16%
Jorge Polanco
16%
Jason Bartlett
14%
Jeff Blauser
14%
Jose Iglesias
14%
Royce Clayton
14%
Zack Cozart
14%
Paul DeJong
11%
Rich Aurillia
11%
Cesar Izturis
8%
Christian Guzman
8%
Erick Aybar
8%
Mike Bordick
8%
Gary Disarcina
5%
Hubie Brooks
3%
Jose Offerman
3%
Mark Grudzielanek
3%
Travis Fryman
3%
Wil Cordero
3%
Aledmys Diaz
0%
Kurt Stillwell
0%

Score Distribution

Percentile by Number Answered

Percent of People with Each Score

Your Score History

You have not taken this quiz since the last reset